D ile Başlayan Ülkeler - Statistics

General Stats
  • This quiz has been taken 1 684 times
    1 680 since last reset
  • The average score is 3 of 5
Answer Stats
Ülke % Correct
Danimarka
99%
Dominik Cumhuriyeti
52%
Dominika
43%
Doğu Timor
33%
Demokratik Kongo Cumhuriyeti
28%
No matching quizzes found
Score Distribution
Percent of People with Each Score
Percentile by Number Answered
Your Score History
You have not taken this quiz since the last reset